000 00319nam a2200121 a 4500
005 20140414131909.0
008 101006s19uu xx 00 eng d
050 _aER
_bT43 1997
100 _aAllen, Constance
245 _aTickle me :
_bmy name is Elmo.
260 _aNew York :
_bRandom House,
_c1997.
999 _c111101
_d111101